Sovereign Debt and the Financial Crisis : (Record no. 17178)
[ view plain ]
| 000 -LEADER | |
|---|---|
| fixed length control field | 00958cam a2200265 a 4500 |
| 001 - CONTROL NUMBER | |
| control field | 16524342 |
| 005 - DATE AND TIME OF LATEST TRANSACTION | |
| control field | 20130130140000.0 |
| 008 - FIXED-LENGTH DATA ELEMENTS--GENERAL INFORMATION | |
| fixed length control field | 101029s2011 dcua b i001 0 eng |
| 010 ## - LIBRARY OF CONGRESS CONTROL NUMBER | |
| LC control number | 2010045789 |
| 020 ## - INTERNATIONAL STANDARD BOOK NUMBER | |
| International Standard Book Number | 9780821384831 (pbk.) |
| 082 00 - DEWEY DECIMAL CLASSIFICATION NUMBER | |
| Classification number | 336.3435 |
| Edition number | 22 |
| Item number | SOV |
| 245 00 - TITLE STATEMENT | |
| Title | Sovereign Debt and the Financial Crisis : |
| Remainder of title | Will this Time Be Different? / |
| Statement of responsibility, etc | edited by Carlos A. Primo Braga, Gallina A. Vincelette. |
| 260 ## - PUBLICATION, DISTRIBUTION, ETC. (IMPRINT) | |
| Place of publication, distribution, etc | Washington, D.C. : |
| Name of publisher, distributor, etc | World Bank, |
| Date of publication, distribution, etc | c2011. |
| 300 ## - PHYSICAL DESCRIPTION | |
| Extent | xxvi, 496 p. : |
| Other physical details | ill. ; |
| Dimensions | 24 cm. |
| 504 ## - BIBLIOGRAPHY, ETC. NOTE | |
| Bibliography, etc | Includes bibliographical references and index. |
| 650 #0 - SUBJECT ADDED ENTRY--TOPICAL TERM | |
| Topical term or geographic name as entry element | Debts, Public. |
| 9 (RLIN) | 32129 |
| 650 #0 - SUBJECT ADDED ENTRY--TOPICAL TERM | |
| Topical term or geographic name as entry element | Financial crises. |
| 9 (RLIN) | 32165 |
| 650 #0 - SUBJECT ADDED ENTRY--TOPICAL TERM | |
| Topical term or geographic name as entry element | Economic policy. |
| 9 (RLIN) | 32166 |
| 650 #0 - SUBJECT ADDED ENTRY--TOPICAL TERM | |
| Topical term or geographic name as entry element | Monetary policy. |
| 9 (RLIN) | 32167 |
| 650 #0 - SUBJECT ADDED ENTRY--TOPICAL TERM | |
| Topical term or geographic name as entry element | Debt relief |
| Geographic subdivision | Developing countries. |
| 9 (RLIN) | 32168 |
| 653 ## - INDEX TERM--UNCONTROLLED | |
| Resource For college | |
| Arrived date list | January2013 |
| 700 1# - ADDED ENTRY--PERSONAL NAME | |
| Personal name | Braga, Carlos Alberto Primo, |
| Dates associated with a name | 1954- |
| 9 (RLIN) | 32169 |
| 700 1# - ADDED ENTRY--PERSONAL NAME | |
| Personal name | Vincelette, Gallina Andronova. |
| 9 (RLIN) | 32170 |
| 942 ## - ADDED ENTRY ELEMENTS (KOHA) | |
| Source of classification or shelving scheme | Dewey Decimal Classification |
| Item type | Book - Borrowing |
| Withdrawn status | Item status | Source of classification or shelving scheme | Damaged status | Not for loan | Vendor | Home library | Current library | Shelving location | Date acquired | Source of acquisition | Cost, normal purchase price | Serial Enumeration / chronology | Total Checkouts | Total Renewals | Full call number | Barcode | Date last seen | Date last borrowed | Koha item type |
|---|---|---|---|---|---|---|---|---|---|---|---|---|---|---|---|---|---|---|---|
| Dewey Decimal Classification | THe Middle East Observer | Central Library | Central Library | First floor | 30/01/2013 | 280.00 | 001340 | 4 | 5 | 336.3435 SOV | 000027940 | 15/07/2025 | 27/07/2015 | Book - Borrowing |